000 00782nam a2200229 4500
001 121374
003 ES-MaACL
005 20250827062547.0
007 t|
008 070214s1987 sp r ||||1| spa d
020 _a84-7476-107-7
245 0 0 _aPopulismo, caudillaje y discurso demagógico /
_cpor J. Alvarez Junco [et. al.].
250 _a1ª. ed.
260 _aMadrid :
_bCentro de Investigaciones Sociológicas,
_c1987.
300 _a326 p. ;
_c21 cm.
490 1 _aMonografías ;
_v93
700 _aÁlvarez Junco, José,
_d1942-
_9237536
710 2 _aCentro de Investigaciones Sociológicas (España)
_92708
830 0 0 _aMonografías (Centro de Estudios Benaventanos "Ledo del Pozo")
_v93
_9177262
852 _aES-MaACL
_jG-13162
_bR.113398
999 _c121374
_d121374